[Event "Santiago Torneo de Invierno"]
[Site "Santiago de Chile"]
[Date "2015.08.25"]
[Round "7.3"]
[White "Bernucci Calisto, Enzo"]
[Black "Marin Munoz, Roque"]
[Result "0-1"]
[WhiteElo "1835"]
[BlackElo "2084"]
[PlyCount "70"]
[EventDate "2015.07.14"]
[EventType "tourn"]
[EventRounds "9"]
[EventCountry "CHI"]
[SourceTitle "EXT 2024"]
[Source "ChessBase"]
[SourceDate "2023.10.10"]
[SourceVersion "1"]
[SourceVersionDate "2023.10.10"]
[SourceQuality "1"]

1. e4 c5 2. d4 cxd4 3. c3 dxc3 4. Nxc3 e6 5. Nf3 a6 6. Bc4 b5 7. Bb3 Ne7 8. Bg5 f6 9. Be3 Ng6 10. 0-0 Nc6 11. Qe2 Be7 12. Rfd1 Qc7 13. Rac1 Qb8 14. Nd4 Na5 15. Bc2 Nc4 16. Bb3 Nxe3 17. Qxe3 0-0 18. Nf5 Bd8 19. Qh3 Bc7 20. Nd5 Bd8 21. Nd6 Bb7 22. Nxb7 Qxb7 23. Nc3 Kh8 24. Qg4 Ne5 25. Qh5 Bb6 26. Qh4 Rac8 27. Kh1 b4 28. f4 Ng6 29. Qg3 bxc3 30. f5 cxb2 31. Rb1 Qxe4 32. fxg6 Qxb1 33. Rxb1 Rc1+ 34. Bd1 Rxb1 35. Qd6 Rxd1+ 0-1

[Event "Santiago Torneo de Invierno"]
[Site "Santiago de Chile"]
[Date "2015.08.11"]
[Round "5.2"]
[White "Jaramillo Barraza, Cristian"]
[Black "Marin Munoz, Roque"]
[Result "0-1"]
[WhiteElo "1916"]
[BlackElo "2084"]
[PlyCount "114"]
[EventDate "2015.07.14"]
[EventType "tourn"]
[EventRounds "9"]
[EventCountry "CHI"]
[SourceTitle "EXT 2024"]
[Source "ChessBase"]
[SourceDate "2023.10.10"]
[SourceVersion "1"]
[SourceVersionDate "2023.10.10"]
[SourceQuality "1"]

1. e4 c5 2. Nc3 d6 3. g3 Nc6 4. Bg2 g6 5. d3 Bg7 6. Be3 Rb8 7. Qd2 b5 8. Nge2 Nd4 9. 0-0 b4 10. Nd1 e6 11. Nc1 Ne7 12. c3 bxc3 13. bxc3 Ndc6 14. Bh6 0-0 15. Bxg7 Kxg7 16. Ne3 Ba6 17. Rd1 Qb6 18. d4 cxd4 19. cxd4 Qb2 20. Nb3 Qxd2 21. Rxd2 Nb4 22. Bf1 Bxf1 23. Kxf1 Nxa2 24. Raxa2 Rxb3 25. Rxa7 Nc6 26. Rc7 Rb1+ 27. Ke2 Rc1 28. Rb7 Rd8 29. d5 exd5 30. Nxd5 Re8 31. f3 Rh1 32. Ke3 Ra8 33. Rb3 Raa1 34. Nf4 Rae1+ 35. Kd3 Ne5+ 36. Kd4 Ref1 37. Kd5 Nxf3 38. Rdd3 Ne5 39. Rd2 Nf3 40. Rdd3 Ne5 41. Rd2 Ra1 42. Rc3 Ra5+ 43. Kxd6 Re1 44. Rd5 Rxd5+ 45. exd5 Kf6 46. Kc7 Rd1 47. d6 g5 48. Nh5+ Kg6 49. Rc5 f6 50. g4 Nxg4 51. Ng3 Ne5 52. Ne4 Kf5 53. Nc3 Rd3 54. Nb5 Ke6 55. Rc3 Rd2 56. Rh3 Rc2+ 57. Kb6 Nd7+ 0-1

[Event "Santiago Torneo de Invierno"]
[Site "Santiago de Chile"]
[Date "2015.07.14"]
[Round "1.2"]
[White "Marin Munoz, Roque"]
[Black "Beytia Mauret, Luis"]
[Result "1-0"]
[WhiteElo "2084"]
[BlackElo "1689"]
[PlyCount "34"]
[EventDate "2015.07.14"]
[EventType "tourn"]
[EventRounds "9"]
[EventCountry "CHI"]
[SourceTitle "EXT 2024"]
[Source "ChessBase"]
[SourceDate "2023.10.10"]
[SourceVersion "1"]
[SourceVersionDate "2023.10.10"]
[SourceQuality "1"]

1. e4 c5 2. Nf3 a6 3. d3 Nc6 4. Nbd2 g6 5. g3 Bg7 6. Bg2 e6 7. 0-0 Nge7 8. Re1 0-0 9. Nf1 Rb8 10. Rb1 b5 11. Bf4 e5 12. Be3 Nd4 13. Qd2 d6 14. Nh4 Be6 15. a3 a5 16. f4 b4 17. axb4 axb4 1-0

[Event "Antofagasta Zicosur op 1st"]
[Site "Antofagasta"]
[Date "2015.01.09"]
[Round "7"]
[White "Marin Munoz, Roque"]
[Black "Vera Siguenas, Deivy Anthoni"]
[Result "0-1"]
[WhiteElo "2088"]
[BlackElo "2455"]
[PlyCount "56"]
[EventDate "2015.01.05"]
[EventType "swiss"]
[EventRounds "10"]
[EventCountry "CHI"]
[SourceTitle "CBM 164 Extra"]
[Source "ChessBase"]
[SourceDate "2015.03.02"]
[SourceVersion "1"]
[SourceVersionDate "2015.03.02"]
[SourceQuality "1"]

1. e4 c5 2. Nf3 d6 3. d4 cxd4 4. Nxd4 Nf6 5. Nc3 Nc6 6. g3 g6 7. Bg2 Nxd4 8. Qxd4 Bg7 9. 0-0 0-0 10. Qd1 Bg4 11. f3 Be6 12. Nd5 Nd7 13. Be3 Bxd5 14. exd5 Bxb2 15. Rb1 Bf6 16. Rxb7 Qc8 17. Rb4 Qa6 18. Bh3 Nc5 19. Bd4 Qxa2 20. Bxf6 exf6 21. Qd2 Kg7 22. Rh4 h5 23. Rf4 Qb2 24. Rb4 Qa3 25. Rf4 Rfe8 26. Rxf6 Kxf6 27. Qd4+ Re5 28. f4 Qe3+ 0-1

[Event "Antofagasta Zicosur op 1st"]
[Site "Antofagasta"]
[Date "2015.01.06"]
[Round "2"]
[White "Tapia Fuentes, Jaime"]
[Black "Marin Munoz, Roque"]
[Result "1-0"]
[WhiteElo "2213"]
[BlackElo "2088"]
[PlyCount "67"]
[EventDate "2015.01.05"]
[EventType "swiss"]
[EventRounds "10"]
[EventCountry "CHI"]
[SourceTitle "CBM 164 Extra"]
[Source "ChessBase"]
[SourceDate "2015.03.02"]
[SourceVersion "1"]
[SourceVersionDate "2015.03.02"]
[SourceQuality "1"]

1. e4 c5 2. Nf3 d6 3. d3 Nc6 4. g3 g6 5. Bg2 Bg7 6. 0-0 e5 7. c3 Nge7 8. a3 0-0 9. b4 a6 10. Bb2 h6 11. Nbd2 Be6 12. Re1 Rb8 13. Qc2 Rc8 14. bxc5 dxc5 15. Rad1 Na5 16. c4 Qc7 17. Nf1 Nac6 18. Qb1 Nd4 19. Ne3 Nec6 20. Nd5 Qd8 21. Bxd4 Nxd4 22. Nxd4 cxd4 23. Qxb7 Rb8 24. Qxa6 Ra8 25. Qb5 Rxa3 26. c5 Bd7 27. c6 Ra5 28. Qb4 Be6 29. Rc1 Qa8 30. Nc7 Qa7 31. Nxe6 fxe6 32. c7 Rc8 33. Qc4 Qa6 34. Bh3 1-0

[Event "Donihue U2200 op"]
[Site "Donihue"]
[Date "2014.02.01"]
[Round "4"]
[White "Marin Munoz, Roque"]
[Black "Henriquez Acuna, Julio"]
[Result "0-1"]
[WhiteElo "2099"]
[BlackElo "2178"]
[PlyCount "80"]
[EventDate "2014.01.31"]
[EventType "swiss"]
[EventRounds "7"]
[EventCountry "CHI"]
[SourceTitle "EXT 2015"]
[Source "ChessBase"]
[SourceDate "2014.11.20"]
[SourceVersion "1"]
[SourceVersionDate "2014.11.20"]
[SourceQuality "1"]

1. e4 c5 2. Nf3 Nc6 3. d4 cxd4 4. Nxd4 Nf6 5. Nc3 e6 6. Be2 Bb4 7. 0-0 Bxc3 8. bxc3 Nxe4 9. Qd3 d5 10. Ba3 Ne7 11. c4 0-0 12. cxd5 exd5 13. Rab1 Re8 14. f4 Nf5 15. Nxf5 Bxf5 16. Qd4 Qf6 17. Qxf6 Nxf6 18. Bf3 b6 19. Rb5 Bxc2 20. Bxd5 Bd3 21. Bxa8 Bxb5 22. Rb1 Bc4 23. Bc6 Bd3 24. Bxe8 Bxb1 25. Bb5 Be4 26. Ba6 Bd5 27. Bd6 Nd7 28. Bc7 f5 29. Bc8 Bc6 30. Bxd7 Bxd7 31. Bb8 a6 32. Bc7 b5 33. Ba5 Kf7 34. Kf2 Ke6 35. Ke3 Kd5 36. Kd3 Kc5 37. Kc3 Bc6 38. g3 Be4 39. h4 g6 40. Bb4+ Kb6 0-1

[Event "Donihue U2200 op"]
[Site "Donihue"]
[Date "2014.01.31"]
[Round "1"]
[White "Aviles Aviles, Pablo Javier"]
[Black "Marin Munoz, Roque"]
[Result "0-1"]
[WhiteElo "1999"]
[BlackElo "2099"]
[PlyCount "56"]
[EventDate "2014.01.31"]
[EventType "swiss"]
[EventRounds "7"]
[EventCountry "CHI"]
[SourceTitle "EXT 2015"]
[Source "ChessBase"]
[SourceDate "2014.11.20"]
[SourceVersion "1"]
[SourceVersionDate "2014.11.20"]
[SourceQuality "1"]

1. e4 c5 2. Nf3 d6 3. d4 cxd4 4. Nxd4 Nf6 5. Nc3 g6 6. Be3 Bg7 7. f3 0-0 8. Qd2 Nc6 9. Bc4 Bd7 10. 0-0-0 Rb8 11. h4 b5 12. Bb3 Na5 13. Bh6 Bxh6 14. Qxh6 e5 15. Nde2 Nxb3+ 16. cxb3 b4 17. Nd5 Nxd5 18. Rxd5 Be6 19. Rd2 Rb6 20. h5 g5 21. g3 Ra6 22. Kb1 f6 23. f4 Qa8 24. Rc1 Qxe4+ 25. Ka1 Bxb3 26. a3 bxa3 27. Rc7 axb2+ 28. Kxb2 Bf7 0-1

[Event "Santiago Club"]
[Site "Santiago de Chile"]
[Date "2013.08.27"]
[Round "4"]
[White "Marin Munoz, Roque"]
[Black "Contreras Vargas, Miguel"]
[Result "1/2-1/2"]
[WhiteElo "2102"]
[BlackElo "2073"]
[PlyCount "58"]
[EventDate "2013.08.13"]
[EventType "tourn"]
[EventRounds "5"]
[EventCountry "CHI"]
[SourceTitle "EXT 2024"]
[Source "ChessBase"]
[SourceDate "2023.10.10"]
[SourceVersion "1"]
[SourceVersionDate "2023.10.10"]
[SourceQuality "1"]

1. e4 e5 2. Nf3 Nc6 3. Bb5 a6 4. Ba4 Nf6 5. d3 d6 6. c3 Be7 7. 0-0 0-0 8. Re1 Bg4 9. h3 Bd7 10. Nbd2 Re8 11. Nf1 h6 12. Ng3 Bf8 13. d4 g6 14. Bc2 Bg7 15. Be3 Qe7 16. Qd2 Kh7 17. Qe2 Rad8 18. Nh2 Ng8 19. f4 exd4 20. Bd2 Qh4 21. Qf2 dxc3 22. Nf3 Qe7 23. bxc3 Nf6 24. Rad1 Kg8 25. Nd4 Nh7 26. Bc1 Qh4 27. Nf3 Qf6 28. Nd4 Qh4 29. Nf3 Qf6 1/2-1/2

[Event "CHI-chT"]
[Site "Santiago de Chile"]
[Date "2012.11.27"]
[Round "2"]
[White "Centonzio Rossel, Francesco"]
[Black "Marin Munoz, Roque"]
[Result "0-1"]
[WhiteElo "1965"]
[BlackElo "2079"]
[PlyCount "93"]
[EventDate "2012.11.22"]
[EventType "team-tourn"]
[EventRounds "9"]
[EventCountry "CHI"]
[SourceTitle "EXT 2014"]
[Source "ChessBase"]
[SourceDate "2013.11.20"]
[SourceVersion "1"]
[SourceVersionDate "2013.11.20"]
[SourceQuality "1"]

1. d4 e6 2. c4 d5 3. Nc3 Be7 4. Nf3 Nf6 5. cxd5 exd5 6. Bg5 Bf5 7. Qb3 Nc6 8. e3 Nb4 9. Rc1 c6 10. Ne5 Ng4 11. Bxe7 Qxe7 12. Nxg4 Bxg4 13. a3 Na6 14. Bxa6 bxa6 15. Na4 0-0 16. Qd3 Qg5 17. Qd2 Rfe8 18. Rc3 f5 19. f3 Bh5 20. 0-0 Re7 21. Kh1 Rae8 22. f4 Qg4 23. Rf3 Qh4 24. Rf1 g5 25. Kg1 Qg4 26. fxg5 Qxg5 27. Rf4 Qxf4 28. exf4 Re1+ 29. Kf2 R1e2+ 30. Qxe2 Rxe2+ 31. Kg3 Re4 32. Rd3 Kf7 33. Nc5 Re2 34. b4 Ra2 35. Rc3 Be2 36. Kf2 Bc4+ 37. Kf3 Bf1 38. g3 Rxh2 39. Nd7 Ra2 40. Ne5+ Ke8 41. Nxc6 Be2+ 42. Ke3 Bd1 43. Nxa7 Rg2 44. Rc8+ Kd7 45. Rh8 h5 46. Rh7+ Kd8 47. Nc6+ 0-1

[Event "Santiago de Chile Nunoa CC Honor"]
[Site "Santiago de Chile"]
[Date "2012.07.31"]
[Round "6"]
[White "Contreras, Miguel"]
[Black "Marin Munoz, Roque"]
[Result "1/2-1/2"]
[WhiteElo "2082"]
[BlackElo "2066"]
[PlyCount "100"]
[EventDate "2012.07.04"]
[EventType "tourn"]
[EventRounds "7"]
[EventCountry "CHI"]
[SourceTitle "EXT 2013"]
[Source "ChessBase"]
[SourceDate "2012.11.22"]
[SourceVersion "1"]
[SourceVersionDate "2012.11.22"]
[SourceQuality "1"]

1. e4 c5 2. d4 Nf6 3. e5 Nd5 4. c4 Nc7 5. d5 d6 6. Nf3 Bg4 7. Bf4 Nd7 8. exd6 exd6 9. Be2 Bxf3 10. Bxf3 Ne5 11. Be2 Be7 12. 0-0 Qd7 13. Nc3 f5 14. Qa4 Qxa4 15. Nxa4 Bf6 16. Nc3 Kf7 17. Bd2 Rhe8 18. Rfe1 Re7 19. h3 Rae8 20. Kf1 g6 21. f4 Nd7 22. Bd3 Bd4 23. Rxe7+ Rxe7 24. Ne2 Bg7 25. a4 Na6 26. a5 Nb4 27. Bb1 Bxb2 28. Ra4 Na6 29. Ra2 Bg7 30. g4 fxg4 31. hxg4 Nf6 32. Nc3 Nc7 33. g5 Ng4 34. Ne4 Ne8 35. Ra3 h5 36. gxh6 Nxh6 37. Ng5+ Kg8 38. Bxg6 Bf6 39. Re3 Rxe3 40. Bxe3 Ng4 41. Bd2 Nc7 42. Ne4 Be7 43. Kg2 b5 44. axb6 axb6 45. Kf3 Nf6 46. Nxf6+ Bxf6 47. Ke3 Bd8 48. Bd3 b5 49. cxb5 Nxd5+ 50. Ke4 Nb6 1/2-1/2

[Event "Santiago-ch sf"]
[Site "Santiago de Chile"]
[Date "2012.01.24"]
[Round "5.8"]
[White "Montero Martinez, Cristian"]
[Black "Marin Munoz, Roque"]
[Result "1-0"]
[WhiteElo "2194"]
[BlackElo "2064"]
[PlyCount "75"]
[EventDate "2012.01.21"]
[EventType "swiss"]
[EventRounds "9"]
[EventCountry "CHI"]
[SourceTitle "EXT 2024"]
[Source "ChessBase"]
[SourceDate "2023.10.10"]
[SourceVersion "1"]
[SourceVersionDate "2023.10.10"]
[SourceQuality "1"]

1. d4 Nf6 2. Nf3 g6 3. c4 Bg7 4. Nc3 0-0 5. h3 d6 6. Bf4 Nc6 7. e3 Nd7 8. Bh2 e5 9. Be2 Kh8 10. 0-0 f5 11. a3 Bh6 12. b4 f4 13. b5 Ne7 14. dxe5 fxe3 15. exd6 exf2+ 16. Kh1 cxd6 17. Bxd6 Nf5 18. Rxf2 Be3 19. Rf1 Rf6 20. Be5 Qf8 21. Bh2 Bc5 22. Nd5 Re6 23. Ng5 Rf6 24. Qd3 Nd4 25. Nxf6 Nxf6 26. Rxf6 Qxf6 27. Be5 Qxe5 28. Nf7+ Kg7 29. Nxe5 Bf5 30. Qd1 Re8 31. Nd3 Bb6 32. Bf1 Re3 33. c5 Bc7 34. Nf4 Be5 35. Rc1 g5 36. Nd5 Rg3 37. Qe1 Bb8 38. Qe7+ 1-0

[Event "Santiago-ch sf"]
[Site "Santiago de Chile"]
[Date "2012.01.22"]
[Round "3.8"]
[White "Abarca Gonzalez, Nicolas"]
[Black "Marin Munoz, Roque"]
[Result "1-0"]
[WhiteElo "2131"]
[BlackElo "2064"]
[PlyCount "125"]
[EventDate "2012.01.21"]
[EventType "swiss"]
[EventRounds "9"]
[EventCountry "CHI"]
[SourceTitle "EXT 2024"]
[Source "ChessBase"]
[SourceDate "2023.10.10"]
[SourceVersion "1"]
[SourceVersionDate "2023.10.10"]
[SourceQuality "1"]

1. e4 c5 2. Nf3 d6 3. Bc4 Nf6 4. e5 dxe5 5. Nxe5 e6 6. Qe2 Be7 7. 0-0 0-0 8. Re1 Qc7 9. Nc3 Nc6 10. Nxc6 Qxc6 11. b3 a6 12. a4 b6 13. Bb2 Bb7 14. f3 Qc7 15. Ne4 Nd5 16. Qf2 Rae8 17. Rad1 e5 18. Qg3 Nf4 19. Nf2 Bd6 20. Ne4 Be7 21. Ng5 Bd6 22. Nxf7 Rxf7 23. Bxe5 Ne2+ 24. Rxe2 Bxe5 25. Rde1 Bd4+ 26. Kf1 Rxe2 27. Rxe2 Kf8 28. Qh4 Re7 29. Rxe7 Qxe7 30. Qf4+ Ke8 31. Qb8+ Qd8 32. Qxb7 Qh4 33. Qc8+ Ke7 34. Qe6+ Kd8 35. Qxb6+ Kd7 36. Qb7+ Kd8 37. Qb8+ Kd7 38. Qg3 Qxg3 39. hxg3 a5 40. Ke2 Kd6 41. Kd3 Bf2 42. g4 Bh4 43. Ke3 Bf6 44. f4 h6 45. Ke4 Kc6 46. g3 Kd6 47. c3 Kc6 48. Bf7 Kd6 49. Kd3 Kc6 50. Kc4 Kd6 51. Bd5 Bd4 52. Be4 Bf6 53. Kb5 Bd8 54. d4 cxd4 55. cxd4 Bc7 56. d5 Ke7 57. b4 axb4 58. Kxb4 Kd6 59. Kb5 Bb8 60. a5 Kc7 61. Ka6 Kc8 62. Bf5+ Kc7 63. Be6 1-0

[Event "Santiago de Chile op"]
[Site "Santiago de Chile"]
[Date "2011.09.23"]
[Round "7"]
[White "Cuevas Araya, Walter"]
[Black "Marin Munoz, Roque"]
[Result "1-0"]
[WhiteElo "2238"]
[BlackElo "2088"]
[PlyCount "119"]
[EventDate "2011.09.07"]
[EventType "swiss"]
[EventRounds "9"]
[EventCountry "CHI"]
[SourceTitle "EXT 2012"]
[Source "ChessBase"]
[SourceDate "2011.11.24"]
[SourceVersion "1"]
[SourceVersionDate "2011.11.24"]
[SourceQuality "1"]

1. e4 c5 2. Nf3 d6 3. d4 cxd4 4. Nxd4 Nf6 5. Nc3 a6 6. Be2 e5 7. Nf3 h6 8. 0-0 Be6 9. h3 Nbd7 10. Be3 Rc8 11. Nd2 Be7 12. a4 Nb6 13. a5 Nc4 14. Nxc4 Bxc4 15. Bb6 Qd7 16. Nd5 Nxd5 17. exd5 Qb5 18. Bxc4 Rxc4 19. b3 Rh4 20. Ra2 Qd7 21. c4 g5 22. f3 h5 23. Bf2 Rf4 24. Be3 Rh4 25. Bf2 Rf4 26. Be3 Rh4 27. Qd3 Rh6 28. Bf2 Rf4 29. Be3 Rh4 30. Bf2 Rf4 31. Bg3 Rff6 32. Re2 g4 33. f4 h4 34. Be1 gxh3 35. gxh3 Rfg6+ 36. Kh2 Bf6 37. f5 Rg8 38. Re4 Bg5 39. Rg4 f6 40. Bd2 Qe7 41. Rfg1 Rh7 42. Bxg5 Rxg5 43. Qe3 Rhg7 44. b4 Rxg4 45. hxg4 Rg5 46. Kh3 Rg8 47. c5 Kf7 48. c6 bxc6 49. dxc6 Rc8 50. Rc1 d5 51. Rc5 Qd6 52. Qb3 Rxc6 53. Qxd5+ Qxd5 54. Rxd5 Ke7 55. Kxh4 Rc4 56. b5 axb5 57. Rxb5 Ra4 58. Rb7+ Kf8 59. Rb6 Rxa5 60. Rxf6+ 1-0

[Event "Santiago de Chile op"]
[Site "Santiago de Chile"]
[Date "2011.09.14"]
[Round "4"]
[White "Marin Munoz, Roque"]
[Black "Ulloa Bustos, Juan"]
[Result "0-1"]
[WhiteElo "2088"]
[BlackElo "2055"]
[PlyCount "88"]
[EventDate "2011.09.07"]
[EventType "swiss"]
[EventRounds "9"]
[EventCountry "CHI"]
[SourceTitle "EXT 2012"]
[Source "ChessBase"]
[SourceDate "2011.11.24"]
[SourceVersion "1"]
[SourceVersionDate "2011.11.24"]
[SourceQuality "1"]

1. e4 Nf6 2. e5 Nd5 3. Nc3 Nxc3 4. bxc3 d6 5. f4 dxe5 6. fxe5 Qd5 7. d4 Qe4+ 8. Kf2 g6 9. Bd3 Qc6 10. Nf3 Bg7 11. Qe2 0-0 12. Ba3 Qxc3 13. Bxe7 Re8 14. Bg5 Nc6 15. Bd2 Qa3 16. c3 Bg4 17. h3 Bxf3 18. Qxf3 Rad8 19. Rhf1 Qb2 20. Rad1 Bxe5 21. Kg1 Bxd4+ 22. cxd4 Qxd4+ 23. Kh1 Ne5 24. Qg3 Nxd3 25. Bg5 Qd6 26. Qf3 Rd7 27. Bf6 c5 28. Bc3 f5 29. h4 Re4 30. g3 c4 31. h5 Qd5 32. Kh2 Ree7 33. Kh3 Qxf3 34. Rxf3 Nf2+ 35. Rxf2 Rxd1 36. Kg2 Rd3 37. Bf6 Ree3 38. Rb2 Rxg3+ 39. Kf2 Rgf3+ 40. Kg2 Kf7 41. Bh8 b6 42. h6 Rf4 43. Re2 c3 44. Kg1 Rd2 0-1

[Event "CHI-chT"]
[Site "Chile"]
[Date "2010.12.07"]
[Round "8"]
[White "Marin Munoz, Roque"]
[Black "Dupret, Xavier"]
[Result "0-1"]
[WhiteElo "2082"]
[BlackElo "2000"]
[PlyCount "74"]
[EventDate "2010.10.19"]
[EventType "team"]
[EventRounds "9"]
[EventCountry "CHI"]
[SourceTitle "EXT 2012"]
[Source "ChessBase"]
[SourceDate "2011.11.24"]
[SourceVersion "1"]
[SourceVersionDate "2011.11.24"]
[SourceQuality "1"]

1. e4 c5 2. Nf3 d6 3. d4 cxd4 4. Nxd4 Nf6 5. Nc3 a6 6. Bc4 e6 7. Bb3 b5 8. Qf3 Qc7 9. 0-0 Be7 10. Re1 0-0 11. Qg3 b4 12. Nd5 exd5 13. exd5 Kh8 14. Bg5 h6 15. Qh4 Ra7 16. Re2 Ng8 17. Nf3 Qd8 18. Qd4 Rb7 19. Bf4 Bf6 20. Qd3 Ne7 21. Nd4 Ng6 22. Bg3 Bg4 23. f3 Bxd4+ 24. Qxd4 Bf5 25. Bf2 Nd7 26. g4 Nge5 27. Kh1 Bh7 28. Re3 f5 29. Bg3 Qb6 30. Rd1 Qxd4 31. Rxd4 fxg4 32. f4 Nf3 33. Rd1 Nc5 34. f5 Rd7 35. Re6 Nxb3 36. cxb3 Bxf5 37. Bxd6 Rfd8 0-1

[Event "CHI-chT"]
[Site "Chile"]
[Date "2010.11.16"]
[Round "5"]
[White "Michel Yunis, Christian D"]
[Black "Marin Munoz, Roque"]
[Result "1/2-1/2"]
[WhiteElo "2401"]
[BlackElo "2082"]
[PlyCount "153"]
[EventDate "2010.10.19"]
[EventType "team"]
[EventRounds "9"]
[EventCountry "CHI"]
[SourceTitle "EXT 2012"]
[Source "ChessBase"]
[SourceDate "2011.11.24"]
[SourceVersion "1"]
[SourceVersionDate "2011.11.24"]
[SourceQuality "1"]

1. d4 Nf6 2. c4 g6 3. Nc3 Bg7 4. g3 0-0 5. Bg2 d6 6. e4 Nbd7 7. Nge2 e5 8. 0-0 exd4 9. Nxd4 Re8 10. Re1 Ne5 11. b3 Bg4 12. f3 Bd7 13. Bb2 a6 14. Qd2 Rb8 15. f4 Nc6 16. Nd5 Nxd5 17. cxd5 Nxd4 18. Bxd4 Bxd4+ 19. Qxd4 c5 20. Qc3 f6 21. Re3 b5 22. Rae1 b4 23. Qb2 Rc8 24. Bf1 Bb5 25. Bh3 Rc7 26. Be6+ Kg7 27. e5 c4 28. bxc4 Rxc4 29. Re4 Rc3 30. Qxb4 Rc2 31. a4 Qb6+ 32. Qd4 Qxd4+ 33. Rxd4 fxe5 34. fxe5 dxe5 35. Rb4 Be2 36. Rb7+ Kh6 37. Rf7 e4 38. Rf2 Bd3 39. Rxc2 Bxc2 40. Bd7 Rd8 41. Bc6 Kg5 42. Rc1 Bd3 43. Kf2 Kf5 44. Ke3 Ke5 45. d6 Rxd6 46. Rc5+ Ke6 47. Bxe4 Bxe4 48. Kxe4 Kf6 49. Ra5 h6 50. h3 Ke6 51. h4 h5 52. Rg5 Kf6 53. Rc5 Ke6 54. Rc8 Kf6 55. a5 Ke6 56. Rg8 Kf6 57. Rb8 Ke6 58. Kf4 Rd4+ 59. Ke3 Rd6 60. Ke4 Rc6 61. Rg8 Kf7 62. Ra8 Ke6 63. Kd4 Kf5 64. Rb8 Rd6+ 65. Ke3 Rd5 66. Rf8+ Ke5 67. Rg8 Kf6 68. Rf8+ Kg7 69. Ra8 Rxa5 70. Kf4 Ra4+ 71. Kf3 Kf6 72. Rf8+ Kg7 73. Ra8 a5 74. Ra6 Ra3+ 75. Kf4 Ra4+ 76. Kf3 Ra3+ 77. Kf4 1/2-1/2

[Event "Santiago Endesa Classification"]
[Site "Santiago de Chile"]
[Date "2010.10.13"]
[Round "3"]
[White "Vargas Maliqueo, Ivan Patricio"]
[Black "Marin Munoz, Roque"]
[Result "0-1"]
[WhiteElo "2199"]
[BlackElo "2082"]
[PlyCount "74"]
[EventDate "2010.10.06"]
[EventType "swiss"]
[EventRounds "9"]
[EventCountry "CHI"]
[SourceTitle "EXT 2012"]
[Source "ChessBase"]
[SourceDate "2011.11.24"]
[SourceVersion "1"]
[SourceVersionDate "2011.11.24"]
[SourceQuality "1"]

1. e4 c5 2. Nf3 d6 3. d4 cxd4 4. Nxd4 Nf6 5. Nc3 a6 6. Be2 e5 7. Nb3 Be7 8. 0-0 Be6 9. a4 Nbd7 10. Be3 Qc7 11. Kh1 0-0 12. f4 Rfc8 13. f5 Bc4 14. Bd3 d5 15. Bxc4 Qxc4 16. exd5 Ne4 17. Rf3 Nxc3 18. bxc3 Nf6 19. d6 Bf8 20. Bb6 Nd7 21. Bc7 b5 22. a5 Re8 23. Qf1 Qe4 24. Qf2 Qd5 25. Rd3 Qc6 26. Rad1 e4 27. Rg3 Re5 28. f6 g6 29. Nd4 Qc5 30. Rf1 Kh8 31. Qf4 Rae8 32. Rh3 e3 33. Qg4 e2 34. Nxe2 Rxe2 35. Qxd7 Qf2 36. Rxh7+ Kxh7 37. Qh3+ Kg8 0-1

[Event "Santiago Endesa Interempresas tt-A"]
[Site "Santiago de Chile"]
[Date "2010.08.24"]
[Round "7"]
[White "Marin Munoz, Roque"]
[Black "Cortes Moyano, Julio"]
[Result "0-1"]
[WhiteElo "2161"]
[BlackElo "2199"]
[PlyCount "72"]
[EventDate "2010.07.13"]
[EventType "team"]
[EventRounds "13"]
[EventCountry "CHI"]
[SourceTitle "EXT 2012"]
[Source "ChessBase"]
[SourceDate "2011.11.24"]
[SourceVersion "1"]
[SourceVersionDate "2011.11.24"]
[SourceQuality "1"]

1. d4 d5 2. c4 e6 3. Nc3 Nf6 4. cxd5 exd5 5. Bg5 c6 6. e3 Qb6 7. Rb1 Ne4 8. Bf4 Bb4 9. Nge2 Bf5 10. Rc1 Nd7 11. a3 Bxc3+ 12. bxc3 g5 13. Bg3 Qb2 14. Rb1 Qxa3 15. Rb3 Qa5 16. f3 Nxg3 17. Nxg3 Bg6 18. Bd3 0-0 19. Bxg6 hxg6 20. e4 c5 21. 0-0 cxd4 22. cxd4 Qc7 23. e5 Rab8 24. Qd2 Qd8 25. f4 Kg7 26. f5 Rh8 27. f6+ Kg8 28. Nf5 Rh5 29. Ne7+ Kf8 30. g4 Rh7 31. Rff3 Ke8 32. Rh3 Rxh3 33. Rxh3 Nf8 34. Qb4 Qb6 35. Qa4+ Kd8 36. Rb3 Qc7 0-1

[Event "Santiago Endesa 06"]
[Site "Santiago de Chile"]
[Date "2010.06.09"]
[Round "2"]
[White "Marin Munoz, Roque"]
[Black "Vargas Maliqueo, Ivan Patricio"]
[Result "1-0"]
[WhiteElo "2161"]
[BlackElo "2177"]
[PlyCount "161"]
[EventDate "2010.06.07"]
[EventType "tourn"]
[EventRounds "11"]
[EventCountry "CHI"]
[SourceTitle "EXT 2012"]
[Source "ChessBase"]
[SourceDate "2011.11.24"]
[SourceVersion "1"]
[SourceVersionDate "2011.11.24"]
[SourceQuality "1"]

1. d4 d5 2. c4 e6 3. Nc3 Be7 4. Nf3 Nf6 5. cxd5 exd5 6. Bg5 0-0 7. e3 Be6 8. Bd3 Nbd7 9. 0-0 h6 10. Bh4 c5 11. Rc1 Rc8 12. Qc2 Re8 13. Bf5 Nf8 14. Rfd1 Qd7 15. Bxe6 Qxe6 16. dxc5 Rxc5 17. Nd4 Qb6 18. Qe2 Ne6 19. Nf5 Ng5 20. Bxg5 hxg5 21. Na4 Qb5 22. Qxb5 Rxb5 23. Rc7 Bf8 24. Nd4 Rb4 25. b3 Bd6 26. Rc2 a6 27. a3 Rxa4 28. bxa4 g6 29. Rb1 Bxa3 30. Rxb7 Ne4 31. h3 a5 32. Rb5 Bb4 33. Rxd5 Nc3 34. Rxg5 Rd8 35. g3 Nxa4 36. Nc6 Rd1+ 37. Kg2 Nc3 38. Re5 Ra1 39. Nxb4 axb4 40. Rb2 Ra4 41. Re8+ Kg7 42. Rb8 Na2 43. Rb7 Kf6 44. h4 Ra6 45. g4 Ra5 46. Kg3 Ra3 47. g5+ Ke6 48. Rb6+ Ke7 49. Kg4 Ra4 50. f4 Ra3 51. e4 Nc1 52. R6xb4 Re3 53. Rg2 Nd3 54. Rb7+ Ke6 55. Rb6+ Ke7 56. Rb7+ Ke6 57. f5+ Ke5 58. Re7+ Kd4 59. Rd7+ Kxe4 60. Rxd3 gxf5+ 61. Kh5 Rxd3 62. Re2+ Re3 63. Ra2 Ke5 64. Ra5+ Ke6 65. Ra6+ Ke7 66. Rf6 Rf3 67. Kh6 Rf4 68. h5 Rh4 69. Rxf5 Ke6 70. Rf6+ Ke7 71. Kg7 Rxh5 72. Rxf7+ Ke8 73. g6 Rh1 74. Rf4 Re1 75. Kh8 Rh1+ 76. Kg8 Re1 77. g7 Ke7 78. Rh4 Rg1 79. Kh8 Kf7 80. Rf4+ Ke7 81. g8Q 1-0

[Event "Santiago Endesa 02"]
[Site "Santiago de Chile"]
[Date "2010.05.07"]
[Round "3"]
[White "Alvarez, Jorge"]
[Black "Marin Munoz, Roque"]
[Result "1-0"]
[WhiteElo "2110"]
[BlackElo "2161"]
[PlyCount "95"]
[EventDate "2010.05.03"]
[EventType "tourn"]
[EventRounds "9"]
[EventCountry "CHI"]
[SourceTitle "EXT 2012"]
[Source "ChessBase"]
[SourceDate "2011.11.24"]
[SourceVersion "1"]
[SourceVersionDate "2011.11.24"]
[SourceQuality "1"]

1. Nf3 c5 2. c4 g6 3. g3 Bg7 4. Bg2 Nc6 5. Nc3 e6 6. 0-0 Nge7 7. d3 d5 8. cxd5 Nxd5 9. Nxd5 Qxd5 10. Ng5 Qd7 11. Ne4 Qe7 12. Bg5 Qc7 13. Bf6 Bxf6 14. Nxf6+ Ke7 15. Ne4 b6 16. Qd2 f6 17. Qh6 Kf7 18. h4 Bb7 19. Rac1 Nd4 20. Rfe1 a5 21. Qd2 Rhd8 22. Qh6 Rh8 23. Qd2 e5 24. e3 Ne6 25. Nd6+ Qxd6 26. Bxb7 Ra7 27. Bg2 Rd8 28. Red1 Rad7 29. Qc3 Kg7 30. Bh3 f5 31. f4 Kf6 32. g4 Nc7 33. gxf5 gxf5 34. Rf1 Rg7+ 35. Kh2 Nd5 36. fxe5+ Qxe5+ 37. Qxe5+ Kxe5 38. Rxf5+ Kd6 39. e4 Nb4 40. d4 cxd4 41. a3 Nd3 42. Rd5+ Ke7 43. Rc7+ Kf6 44. Rc6+ Ke7 45. Re6+ Kf7 46. Rxd8 Nc5 47. Rxb6 d3 48. Rc6 1-0